000 00763nam a2200229Ia 4500
003 GCL
008 140319s9999 xx 000 0 ara d
040 _aGCL /
_cGCL
082 0 4 _a323.445
_bج ا
100 1 _aحسن عماد مكاوى
245 1 0 _aاخلاقيات العمل الاعلامى : دراسة مقارنة /
_cحسن عماد مكاوى
260 _a[S.N] :
_bالدار المصرية اللبنانية ،
_c1994
300 _a363 ص
490 _a
650 0 4 _aالعالم العربى
650 0 4 _aالولايات المتحدة الامريكية
650 0 4 _aالصحافة
650 0 4 _aحرية الصحافة
650 0 4 _aالاخلاق الصحفية
650 0 4 _aالحكومة والصحافة
942 _2ddc
_cBK
999 _c35047
_d35047